[Event "Internet Section 06B g/8'+2\""]
[Site "Dos Hermanas"]
[Date "2004.03.06"]
[Round "4"]
[White "Rohrbaugh, Tommy P"]
[Black "Schiller, Eric Andrew"]
[Result "1/2-1/2"]
[WhiteElo "2406"]
[BlackElo "2201"]
[PlyCount "37"]
[EventDate "2004.03.06"]
[EventType "swiss (blitz)"]
[EventRounds "9"]
[EventCountry "ESP"]
[SourceTitle "CBM 099 Extra"]
[Source "ChessBase"]
[SourceDate "2004.05.04"]
[SourceVersion "1"]
[SourceVersionDate "2004.05.04"]
[SourceQuality "1"]

1. d4 g6 2. Nf3 Bg7 3. e3 c5 4. c3 Qc7 5. Nbd2 d6 6. Bd3 Nf6 7. 0-0 0-0 8. Re1 cxd4 9. exd4 Bg4 10. h3 Bf5 11. Bxf5 gxf5 12. Nb3 e6 13. Bf4 Nc6 14. Qc1 Ne4 15. Bh6 d5 16. Rxe4 dxe4 17. Bxg7 Kxg7 18. Qg5+ Kh8 19. Qf6+ 1/2-1/2

[Event "Internet Section 06B g/8'+2\""]
[Site "Dos Hermanas"]
[Date "2004.03.06"]
[Round "3"]
[White "Schiller, Eric Andrew"]
[Black "Szmetan, Ricardo"]
[Result "1-0"]
[WhiteElo "2201"]
[BlackElo "2322"]
[PlyCount "77"]
[EventDate "2004.03.06"]
[EventType "swiss (blitz)"]
[EventRounds "9"]
[EventCountry "ESP"]
[SourceTitle "CBM 099 Extra"]
[Source "ChessBase"]
[SourceDate "2004.05.04"]
[SourceVersion "1"]
[SourceVersionDate "2004.05.04"]
[SourceQuality "1"]

1. e4 c6 2. d4 d5 3. e5 g6 4. Nf3 Bg4 5. c3 e6 6. h3 Bxf3 7. Qxf3 h5 8. Bd3 Bh6 9. 0-0 Bxc1 10. Rxc1 Nh6 11. Nd2 Nf5 12. Bxf5 gxf5 13. Qf4 Rg8 14. Nf3 Nd7 15. b4 Nb6 16. a4 Nc4 17. b5 cxb5 18. axb5 Qe7 19. Qh6 Kd7 20. Ra2 Rg6 21. Qxh5 Rag8 22. Ne1 Qf8 23. Rca1 Qg7 24. Qf3 Qh6 25. Rxa7 Kc7 26. Qd3 Qg7 27. Kf1 Rxg2 28. Nxg2 Qxg2+ 29. Ke1 Nb2 30. Qe2 Qxh3 31. b6+ Kc6 32. Kd2 Nc4+ 33. Kc2 Rg2 34. Kb3 Qh4 35. Qa2 Nxb6 36. Qa5 Qxf2 37. Qc5+ Kd7 38. Rxb7+ Ke8 39. Qe7# 1-0

[Event "American op 39th"]
[Site "Los Angeles"]
[Date "2003.11.27"]
[Round "2"]
[White "Atalik, Suat"]
[Black "Schiller, Eric Andrew"]
[Result "1-0"]
[WhiteElo "2570"]
[BlackElo "2201"]
[PlyCount "53"]
[EventDate "2003.11.27"]
[EventType "swiss"]
[EventRounds "8"]
[EventCountry "USA"]
[SourceTitle "CBM 097 Extra"]
[Source "ChessBase"]
[SourceDate "2004.01.13"]
[SourceVersion "1"]
[SourceVersionDate "2004.01.13"]
[SourceQuality "1"]

1. d4 g6 2. c4 Bg7 3. e4 c5 4. Ne2 d6 5. dxc5 Qa5+ 6. Bd2 Qxc5 7. Nbc3 Nf6 8. Nf4 Be6 9. Be3 Qc8 10. f3 Nbd7 11. Rc1 0-0 12. Qd2 Ne5 13. b3 Qd7 14. Be2 Ne8 15. 0-0 Nc7 16. Rfd1 Na6 17. Nxe6 Qxe6 18. Nd5 Rfd8 19. b4 Rd7 20. Nf4 Qf6 21. Nh3 Qh4 22. Nf2 h6 23. f4 Rad8 24. fxe5 Bxe5 25. Ng4 f5 26. Bf2 Qg5 27. Nxh6+ 1-0

[Event "American op 39th"]
[Site "Los Angeles"]
[Date "2003.11.27"]
[Round "1"]
[White "Schiller, Eric Andrew"]
[Black "Sevillano, Enrico"]
[Result "0-1"]
[WhiteElo "2201"]
[BlackElo "2498"]
[PlyCount "60"]
[EventDate "2003.11.27"]
[EventType "swiss"]
[EventRounds "8"]
[EventCountry "USA"]
[SourceTitle "CBM 097 Extra"]
[Source "ChessBase"]
[SourceDate "2004.01.13"]
[SourceVersion "1"]
[SourceVersionDate "2004.01.13"]
[SourceQuality "1"]

1. d4 e6 2. Nf3 Nf6 3. e3 b6 4. c4 Bb7 5. Nc3 Bb4 6. Bd3 0-0 7. 0-0 d5 8. cxd5 exd5 9. a3 Bd6 10. Qc2 a6 11. e4 dxe4 12. Nxe4 Nxe4 13. Bxe4 Bxe4 14. Qxe4 Nd7 15. Bg5 Qe8 16. Qh4 f6 17. Bd2 Qf7 18. Rfe1 Rfe8 19. Qh3 Qd5 20. Qg4 Nf8 21. Rxe8 Rxe8 22. Re1 Rxe1+ 23. Bxe1 Qb3 24. Qc8 Qxb2 25. Qxa6 Qxa3 26. Qc4+ Kh8 27. h4 Qa8 28. h5 h6 29. Kf1 Qe8 30. Bb4 Qa4 0-1

[Event "Internet Section 18-A"]
[Site "Dos Hermanas"]
[Date "2003.03.18"]
[Round "8"]
[White "Katzir, Moshe"]
[Black "Schiller, Eric Andrew"]
[Result "0-1"]
[WhiteElo "2201"]
[BlackElo "2199"]
[PlyCount "76"]
[EventDate "2003.03.18"]
[EventType "swiss (blitz)"]
[EventRounds "9"]
[EventCountry "ESP"]
[SourceTitle "EXT 2004"]
[Source "ChessBase"]
[SourceDate "2003.11.25"]
[SourceVersion "1"]
[SourceVersionDate "2003.11.25"]
[SourceQuality "1"]

1. e4 c6 2. d4 d5 3. e5 Na6 4. c3 Nc7 5. Bd3 g6 6. Ne2 f6 7. f4 Bg4 8. 0-0 e6 9. h3 Bxe2 10. Qxe2 f5 11. Be3 b6 12. c4 dxc4 13. Bxc4 Nd5 14. Nc3 Nge7 15. Rac1 b5 16. Bb3 Qd7 17. a4 b4 18. Nd1 Kf7 19. Nf2 Rg8 20. Nd3 Nxe3 21. Qxe3 Nd5 22. Qf3 a5 23. Qf2 Kg7 24. g4 Kh8 25. gxf5 gxf5+ 26. Kh2 Bh6 27. Rg1 Rg6 28. Rxg6 hxg6 29. Qh4 Kh7 30. Qf2 Rg8 31. Nc5 Qe8 32. Bxd5 cxd5 33. b3 g5 34. fxg5 Rxg5 35. Rc2 Rg7 36. Nd3 f4 37. Rc1 Qg6 38. Rd1 Qf5 0-1

[Event "Internet Section 18-A"]
[Site "Dos Hermanas"]
[Date "2003.03.18"]
[Round "6"]
[White "Pinheiro, Jose"]
[Black "Schiller, Eric Andrew"]
[Result "0-1"]
[WhiteElo "2321"]
[BlackElo "2199"]
[PlyCount "52"]
[EventDate "2003.03.18"]
[EventType "swiss (blitz)"]
[EventRounds "9"]
[EventCountry "ESP"]
[SourceTitle "EXT 2004"]
[Source "ChessBase"]
[SourceDate "2003.11.25"]
[SourceVersion "1"]
[SourceVersionDate "2003.11.25"]
[SourceQuality "1"]

1. e4 c6 2. d3 d5 3. Nd2 g6 4. Ngf3 Bg7 5. g3 e5 6. Bg2 Ne7 7. 0-0 0-0 8. Re1 Nd7 9. c3 b6 10. d4 exd4 11. Nxd4 Bb7 12. exd5 Nxd5 13. Ne4 N7f6 14. Bg5 Qd7 15. Nxf6+ Nxf6 16. Qf3 Nd5 17. Rad1 Rae8 18. Rxe8 Rxe8 19. Nc2 Ba6 20. Ne3 h6 21. Nxd5 cxd5 22. Be3 Bb7 23. Qf4 Qb5 24. Qc7 d4 25. cxd4 Bxg2 26. Kxg2 Rxe3 0-1